Responses for show #3499 - Thursday, November 18, 1999

1999-B Celebrity Jeopardy! game 4.
From the Theater at Madison Square Garden, New York City.

Contestants

James McDaniel, from NYPD Blue

Meredith Vieira, from The View

Nathan Lane, from the Broadway play Wise Guys

Jeopardy! Round responses

CELEBRITY PILOTS
PLACES YOU FLY OVER
NEW YORK FOR THE KIDS
AT THE MAGAZINE STAND
BROADWAY STARS
"D"LIGHTFUL
    $100 12
Houston

Meredith
    $100 7
the Rockettes

Nathan
    $100 13
Newsweek

Meredith
    $200 8
Grant's Tomb

Meredith
    $200 14
Cosmopolitan

Nathan
    $200 4
(James: Gladys Knight, who's that?)

Gladys Knight

James
    $300 17
(Nathan: Who is....?)
(Alex: Sorry, but you have to ring in first.)
(Meredith: I forgot!)
(Nathan: Who is Irving Berlin?)

Jimmy Buffett

NathanMeredith
Triple Stumper
    $300 9
Bronx Zoo

Meredith
    $300 3
The Iceman Cometh

Nathan
    $300 19
(James: Dean, who's he?)
(buzzer sounds)

Dean

James
    $400 16
(we have a minute to go...)

Kenny G

Meredith
    $400 10
Staten Island

Nathan
    $500 2
The Lion in Winter

Nathan
    $400 6
Dialogue

Meredith
    $500 15
Sarah Ferguson (Duchess of York)

Nathan
    $500 11
South Street

James
    $500 18
(James: Prevention, what's that?)

Prevention

James
    $500 1
(Meredith: I didn't think I'd get it...)
(James: What is....[time]?)

Chicago

NathanMeredithJames
    $500 5
Dr. Dolittle

Nathan

Scores at the first commercial break (after clue 9):

Nathan Meredith James
$1,900 $400 -$300

Scores at the end of the Jeopardy! Round:

Nathan Meredith James
$2,700 $700 $1,000

Double Jeopardy! Round responses

NEW YORK POST HEADLINES
(Alex: Reference to the newspaper, of course.)
MOVIES IN BLACK & WHITE
ODDS & ENDS
"CLUB" ME
AFRICAN COUNTRIES
HOMETOWN HOWDIES
(Alex: We'll give you the person & the hello, you have to ID the birthplace.)
    $200 5
Michael Jackson

Meredith
    $200 2
Woody Allen

James
    $200 16
George Burns

Meredith
    $200 1
(Meredith: What is seltzer? - I always keep doing that!)
(Alex: Nathan obviously understands the game!)
(Nathan: I'd like to thank Donald Trump for letting us use his apartment tonight!)

Club soda

NathanMeredith
    $400 6
"Son of Sam" (David Berkowitz)

Meredith
    $400 3
James Cagney

Nathan
    $1,900 17
Chandelier

Meredith
    $400 12
The Mickey Mouse Club

Nathan
    $600 7
Gracie Mansion

Triple Stumper
    $600 4
Lou Gehrig

Meredith
    $600 18
Hank Aaron

James
    $600 13
The Breakfast Club

Nathan
    $3,400 23
(Meredith: Alex, you're an instigator, that's what you are!)
(buzzer sounds)

Madrid

Meredith
    $800 8
New York Daily News

James
    $800 10
Stalag 17

Nathan
    $800 19
Friday

Meredith
    $800 14
Culture Club

James
    $800 22
Jerusalem

Meredith
    $1000 9
"Mayflower Madam"

Nathan
    $1000 11
All the King's Men

Nathan
    $1000 20
(Meredith: Who is Phil Collins?)
(and we have about a minute to go...)

Peter Gabriel

Meredith
Triple Stumper
    $1000 15
Diners Club

James
    $1000 21
(Meredith: What is Japan? [buries her head in the podium])

Tokyo

Meredith
Triple Stumper

Scores at the end of the Double Jeopardy! Round:

Nathan Meredith James
$7,100 $6,800 $4,400

[wagering suggestions for these scores]

Final Jeopardy! Round responses

MANHATTAN LANDMARKS
JamesWhat's the Camelot H
$4,399
MeredithWhat is the Algonquin?
$3,200
NathanWhat is the Algonquin Hotel?
$7,100
the Algonquin

Final scores:

Nathan Meredith James
$14,200 $10,000 $1
Winner: $15,000 for Broadway Cares/Equity Fights AIDS 2nd place: $10,000 for Larchmont Friends of the Family 3rd place: $10,000 for the 52nd Street Project

Game dynamics:

Coryat scores:

Nathan Meredith James
$7,000 $2,500 $4,400
15 R
(including 1 DD),
1 W
14 R
(including 2 DDs),
5 W
9 R,
1 W

Combined Coryat: $13,900

The J! Archive is created by fans, for fans. The Jeopardy! game show and all elements thereof, including but not limited to copyright and trademark thereto, are the property of Jeopardy Productions, Inc. and are protected under law. This website is not affiliated with, sponsored by, or operated by Jeopardy Productions, Inc. Join the discussion at JBoard.tv.